Spine-Chilling Literature! Quiz Stats

 Plays Quiz Updated Oct 8, 2017

Score 0/25 Timer 08:00
0 Plays Today
% Correct
Phantom
92.8%
Nightmare
92.8%
Devil
92.7%
Vampire
89.1%
Horror
88.6%
Mist
86.3%
Zombie
86.2%
Darkness
85.9%
Bones
85.7%
Fang
82%
Tomb
79.1%
Skeleton
78%
Haunting
77.4%
% Correct
Macabre
71.3%
Ghost
70.1%
Death
69.7%
Witch
68.5%
Mysterious
66.7%
Monster
65.1%
Grotesque
60%
Bogeyman
57.6%
Grave
55.9%
Bodies
45.6%
Fear
39.5%
Coffin
32.7%

You're not logged in!

Compare scores with friends on all Sporcle quizzes.
OR
Log In

Sporcle TV

Today on Sporcle TV


Watch our educational content, quiz creation guides, and fun videos on Sporcle TV.

Show Comments

Extras

Top Quizzes Today


Score Distribution

Your Account Isn't Verified!

In order to create a playlist on Sporcle, you need to verify the email address you used during registration. Go to your Sporcle Settings to finish the process.

Report this User

Report this user for behavior that violates our Community Guidelines.

Details: